| 000 | 00638nam a22002057a 4500 | ||
|---|---|---|---|
| 999 |
_c16552 _d16552 |
||
| 003 | AR-CdUCM | ||
| 008 | 190305b ||||| |||| 00| 0 spa d | ||
| 040 |
_aMUNICIPALIDAD PROVINCIAL DEL CUSCO _cBIBLIOTECA MUNICIPAL DEL CUSCO |
||
| 082 |
_28ed. _a869.15 / _bR94 |
||
| 100 |
_aRulfo, Juan _93654 |
||
| 245 | _aPedro Páramo / | ||
| 260 |
_aMéxico : _bFondo de Cultura Económica ; _c1966.. |
||
| 300 |
_a129 páginas ; _c18cm |
||
| 440 |
_aColección popular _n58 _936057 |
||
| 505 | _aContenido : Novela | ||
| 650 |
_aNovela mexicana _9860 |
||
| 650 |
_aLiteratura siglo XX _91173 |
||
| 942 |
_2ddc _cLIBROS |
||
| 945 |
_awnts _d2019-05-3 |
||